Представление документа в формате RUSMARC

ПолеНазваниеЗначение
  Тип записи a
  Библиографический уровень a
001 Контрольный номер RU/CBS_UL/BASE/cae55017252c4981b7c884d91295fe35
005 Дата корректировки 20240312152709.4
100 Данные общей обработки __
a Данные общей обработки 20240312 ||| 0rusy0189 ca
101 Язык документа 0_
a Язык текста rus
102 Страна публикации __
a Страна публикации RU
200 Заглавие и сведения об ответственности 1_
a Заглавие Валерий Ярды - выдающийся спортсмен Чувашии
e Сведения, относящиеся к заглавию [конспект занятия в детском саду]
f Первые сведения об ответственности Н. Орешкина
300 Общие примечания __
a Общие примечания 16+
461 Уровень набора _0
1 2000
a Халах Шкуле
463 Уровень физической единицы _0
1 2000
a № 1
v С. 41-42
1 2101
d 2024
1 001RU/CBS_UL/BASE/1111762c07ee4e58b1eefd4dc40c76b6
600 Персоналии _1
a Персоналии (Фамилия) Ярды
b Персоналии (Имя, инициалы) В.
g Полное имя Валерий
606 Тематические рубрики 0_
a Основная рубрика Дошкольное воспитание - Игры
610 Ключевые слова 0_
a Ключевые слова спортсмены
610 Ключевые слова 0_
a Ключевые слова спортсмены Чувашии
610 Ключевые слова 0_
a Ключевые слова физическое развитие
610 Ключевые слова 0_
a Ключевые слова дошкольники
610 Ключевые слова 0_
a Ключевые слова занятия с дошкольниками
686 Индексы других классификаций __
2 Код системы rubbk
a Классификационный индекс 74.100.58
700 Автор _1
a Фамилия Орешкина
b Имя (инициалы) Н.
801 Источник записи _0
a Страна RU
b Организация МБУК ЦБС г. Ульяновска
c Дата составления 20240312
g Правила каталогизации RCR
801 Источник записи _1
a Страна RU
b Организация МБУК ЦБС г. Ульяновска
c Дата составления 20240312
g Правила каталогизации RCR
901 Тип документа __
t Тип документа b
w Контрольный № источника RU/CBS_UL/BASE/1111762c07ee4e58b1eefd4dc40c76b6
909 Создатель записи __
a Создатель записи lib17